| 000 | 00493nam a2200181Ia 4500 | ||
|---|---|---|---|
| 003 | OSt | ||
| 005 | 20201120121345.0 | ||
| 008 | 190216s9999||||xx |||||||||||||| ||und|| | ||
| 020 | _a9788126421800 | ||
| 040 | _coclc | ||
| 082 |
_a894.8123 _bTEN/N |
||
| 100 |
_aTendulkar, Vijay _95430 |
||
| 245 | 0 |
_aNishantham / _cVijay Tendulkar |
|
| 260 |
_bDc Books, _c2008. _a Kottayam: |
||
| 300 | _a85p | ||
| 650 | _aNovel | ||
| 942 |
_cBK _2ddc _h894.8123 _iTEN/N _k894.8123 _mTEN/N |
||
| 999 |
_c29700 _d29700 |
||